Tactics of modern warfare : rapid deployment in the 20th century

Bibliographic Details
Main Author: Lloyd, Mark
Format: Book
Published: London : Brian Trodd Publishing , 1991
Subjects:
War

MARC

LEADER 00000cam a2200000 7i4500
001 0000000166
002 000000227
005 20000330.0
020 |a 185361226X 
090 0 0 |a 355.4   |b LLO 
100 1 |a Lloyd, Mark 
245 1 0 |a Tactics of modern warfare :   |b rapid deployment in the 20th century   |c Mark Lloyd 
260 |a London :   |b Brian Trodd Publishing ,   |c 1991 
300 |a 200p. :   |b ill. ;   |c 30cm. 
650 0 0 |a War 
999 |a 027493   |b BUKU   |c PINJAMAN   |e PERPUSTAKAAN KOMUNITI PETALING JAYA